| 000 | 01038nam a2200193 a 4500 | ||
|---|---|---|---|
| 008 | 171103e2015 ag ||||g |||| 00| 1 spa d | ||
| 020 | _a9789500750509 | ||
| 041 | _aspa | ||
| 092 |
_c808 _l14 _sCUR |
||
| 100 | 1 |
_aCurbelo, Cecilia. _94335 |
|
| 245 | 3 |
_aLa confesión de Micaela / _cCecilia Curbelo |
|
| 250 |
_a1a ed. _bIlustrado por Agustina Boni |
||
| 260 |
_aBuenos Aires: _bSudamericana; _c2015. |
||
| 300 |
_a304 p. _c15x22 cm. |
||
| 500 | _aCurbelo, C. (2015). La confesión de Micaela. (1a ed.). Buenos Aires : Sudamericana. | ||
| 505 | _aMicaela abre su Twitter y se encuentra con una palabra que la destruye: TRAIDORA. Lo peor es que esa acusación proviene de su mejor amiga. Constanza. A partir de ese momento, Mica intenta recomponer la historia que la llevó a actuar como actuó. En ese camino de recuerdos y pensamientos, de luchas y confesiones, saldrán a la luz secretos muy dolorosos. ¿Qué hará al final? ¡Su destino depende de lo que tú decidas que ella haga! | ||
| 655 |
_aLiteratura _92917 |
||
| 942 |
_2ddc _cLIT |
||
| 999 |
_c3288 _d3288 |
||